Bài học để đời từ những doanh nghiệp thất bại T.1

Cuốn sách này không phải là câu chuyện về thành công, không phải là một cuốn sách miêu tả nguyên tắc và phát hiện ra chân lý. Đây là cuốn sách nói về sự thất bại của các xí nghiệp Trung Quốc. Nó ghi lại một số vụ việc nổi tiếng, mang...

Full description

Saved in:
Bibliographic Details
Main Author: Ngô, Hiểu Ba
Other Authors: Hoàng, Anh
Format: Book
Language:Undetermined
Published: H. Hồng Đức 2019
Subjects:
Online Access:http://lrc.tdmu.edu.vn/opac/search/detail.asp?aID=2&ID=41312
Tags: Add Tag
No Tags, Be the first to tag this record!
Institutions: Trung tâm Học liệu Trường Đại học Thủ Dầu Một
LEADER 01459nam a2200229Ia 4500
001 TDMU_41312
008 210410s9999 xx 000 0 und d
082 |a 363.348 
090 |b NG450 
100 |a Ngô, Hiểu Ba 
245 0 |a Bài học để đời từ những doanh nghiệp thất bại 
245 0 |c Ngô Hiểu Ba; Hoàng Anh dịch; Vũ Thị Hương hiệu định 
245 0 |n T.1 
260 |a H. 
260 |b Hồng Đức 
260 |c 2019 
300 |a 515tr. 
520 |a Cuốn sách này không phải là câu chuyện về thành công, không phải là một cuốn sách miêu tả nguyên tắc và phát hiện ra chân lý. Đây là cuốn sách nói về sự thất bại của các xí nghiệp Trung Quốc. Nó ghi lại một số vụ việc nổi tiếng, mang tới những bài học cho thế hệ sau này. Bài học về sự khởi đầu của hành trình mới, sự dũng cảm và gợi ý để tránh dẫm lên vết xe đổ của những người đi trước. 
650 |a Doanh nghiệp  |x Thất bại trong kinh doanh  |z Trung Quốc; Doanh nghiệp  |x Bí quyết kinh doanh 
700 |a Hoàng, Anh 
856 |u http://lrc.tdmu.edu.vn/opac/search/detail.asp?aID=2&ID=41312 
980 |a Trung tâm Học liệu Trường Đại học Thủ Dầu Một